LEADER 04753nam 22005175 450 001 996465950203316 005 20200705171611.0 010 $a3-540-49568-1 024 7 $a10.1007/BFb0020597 035 $a(CKB)1000000000548776 035 $a(SSID)ssj0000320885 035 $a(PQKBManifestationID)11256234 035 $a(PQKBTitleCode)TC0000320885 035 $a(PQKBWorkID)10259118 035 $a(PQKB)11588785 035 $a(DE-He213)978-3-540-49568-0 035 $a(PPN)155166697 035 $a(EXLCZ)991000000000548776 100 $a20121227d1996 u| 0 101 0 $aeng 135 $aurnn|008mamaa 181 $ctxt 182 $cc 183 $acr 200 10$aAdvances in Case-Based Reasoning$b[electronic resource] $eThird European Workshop, EWCBR-96, Lausanne, Switzerland, November 14 - 16, 1996, Proceedings /$fedited by Ian Smith, Boi Faltings 205 $a1st ed. 1996. 210 1$aBerlin, Heidelberg :$cSpringer Berlin Heidelberg :$cImprint: Springer,$d1996. 215 $a1 online resource (X, 538 p.) 225 1 $aLecture Notes in Artificial Intelligence ;$v1168 300 $aBibliographic Level Mode of Issuance: Monograph 311 $a3-540-61955-0 327 $aHow different is different? -- Towards CBR for bioprocess planning -- On the role of abstraction in case-based reasoning -- ISAC: A CBR system for decision support in air traffic control -- Structural similarity and adaptation -- Justification structures for document reuse -- Adaptation-guided retrieval in EBMT: A case-based approach to machine translation -- Dynamically creating indices for two million cases: A real world problem -- Case memory and the behaviouristic model of concepts and cognition -- Supporting object reuse through case-based reasoning -- Meta-cases: Explaining case-based reasoning -- A two layer case-based reasoning architecture for medical image understanding -- Learning adaptation rules from a case-base -- An evolutionary agent model of case-based classification -- Using description logics for knowledge intensive case-based reasoning -- Applying case retrieval nets to diagnostic tasks in technical domains -- Plans as structured networks of hierarchically and temporally related case pieces -- The transfer problem in analogical reuse -- A case-based system for adaptive hypermedia navigation -- Feature weighting by explaining case-based planning episodes -- Classification-based problem-solving in case-based reasoning -- A case base similarity framework -- On the importance of similitude: An entropy-based assessment -- Case-enhanced configuration by resource balancing -- Adaptation cost as a criterion for solution evaluation -- Fish and Shrink. A next step towards efficient case retrieval in large scaled case bases -- Abstractions of data and time for multiparametric time course prognoses -- The utility problem analysed -- REPRO: Supporting flowsheet design by case-base retrieval -- A bayesian framework for case-based reasoning -- Principles of case reusing systems -- Using typicality theory to select the best match -- Considering decision cost during learning of feature weights -- Case-Based problem solving methods for parametric design tasks -- Corporate knowledge management for the millennium -- Case-based reasoning techniques applied to operation experience feedback in nuclear power plants -- Troubleshooting CFM 56-3 engines for the Boeing 737 using CBR and data-mining -- Global case-base development and deployment. 330 $aThis book constitutes the refereed proceedings of the Third European Workshop on Case-Based Reasoning, EWCBR-96, held in Lausanne, Switzerland, in November 1996. Case-based reasoning is an appealing technique for dealing with the knowledge acquisition bottleneck in computer applications; solutions to new problems are found by adapting similar experience from the past, called cases. The 38 revised full papers presented were carefully selected from a broad variety of submissions after a thorough refereeing process. The volume refleats the state of the art in case-based reasoning research and applications. 410 0$aLecture Notes in Artificial Intelligence ;$v1168 606 $aArtificial intelligence 606 $aArtificial Intelligence$3https://scigraph.springernature.com/ontologies/product-market-codes/I21000 615 0$aArtificial intelligence. 615 14$aArtificial Intelligence. 676 $a006.3/33 702 $aSmith$b Ian$4edt$4http://id.loc.gov/vocabulary/relators/edt 702 $aFaltings$b Boi$4edt$4http://id.loc.gov/vocabulary/relators/edt 712 12$aEWCBR-96 906 $aBOOK 912 $a996465950203316 996 $aAdvances in Case-Based Reasoning$9772015 997 $aUNISA LEADER 00879nlm 2200265Ia 450 001 996476770103316 005 20220617115354.0 100 $a19840221d1663---- uy | 101 0 $aeng 102 $aUK 135 $adrcnu 200 1 $aGospel-tydings$ewherein is shewed what the Gospel administration was, the apostacy from it, and the restauration into it again$ebeing a message of true and unfeigned love ...$f[by] W.S 210 1 $aLondon$c[s.n.]$d1663 215 $aTesto elettronico (PDF) (17 p.) 230 $aBase dati testuale 300 $aRiproduzione dell'originale nella Harvard University Library 606 0 $aQuaccheri$xTesti$xApologetica$2BNCF 676 $a289 700 1$aSMITH,$bWilliam$fd. 1673$0845826 801 0$aIT$bcba$cREICAT 912 $a996476770103316 959 $aEB 969 $aER 996 $aGospel-tydings$92354714 997 $aUNISA